LEADER 00738cam0 22002533 450 001 SOB0018982 005 20210416095402.0 010 $a8806138839 100 $a20040211d1997 |||||ita|0103 ba 101 $aita 102 $aIT 200 1 $aMania$fDaniele Del Giudice 210 $aTorino$cEinaudi$d1997 215 $a128 p.$d22 cm 700 1$aDel_Giudice$b, Daniele$3AF00018061$4070$0151471 801 0$aIT$bUNISOB$c20210416$gRICA 850 $aUNISOB 852 $aUNISOB$j853$m112977 912 $aSOB0018982 940 $aM 102 Monografia moderna SBN 941 $aM 957 $a853$b000948$gSI$d112977$rACQUISTO$1Spinosa$2UNISOB$3UNISOB$420200303090511.0$520200303090520.0$6Spinosa 996 $aMania$91676534 997 $aUNISOB LEADER 01715oam 2200445 a 450 001 9910691978403321 005 20030902141027.0 035 $a(CKB)5470000002349627 035 $a(OCoLC)52099177 035 9 $aocm52099177 035 $a(OCoLC)995470000002349627 035 $a(EXLCZ)995470000002349627 100 $a20030422d2003 ua 0 101 0 $aeng 135 $aurmn|||||| 181 $ctxt$2rdacontent 182 $cc$2rdamedia 183 $acr$2rdacarrier 200 00$aHydrologic conditions and assessment of water resources in the Turkey Creek watershed, Jefferson County, Colorado, 1998-2001$b[electronic resource] /$fby Clifford R. Bossong ... [and others] ; prepared in cooperation with the Jefferson County Planning and Zoning Department 210 1$aDenver, Colo. :$cU.S. Dept. of the Interior, U.S. Geological Survey,$d2003. 225 1 $aWater-resources investigations report ;$v03-4034 300 $aTitle from title screen (viewed on Apr. 22, 2003). 320 $aIncludes bibliographical references. 517 1 $aWater Resources of Colorado 606 $aWater-supply$zColorado$zJefferson County 606 $aHydrology$zColorado$zJefferson County 615 0$aWater-supply 615 0$aHydrology 701 $aBossong$b C. R$01384068 712 02$aGeological Survey (U.S.) 712 02$aJefferson County (Colo.).$bPlanning and Zoning Department. 801 0$bGIS 801 1$bGIS 801 2$bGPO 801 2$bAGL 801 2$bGPO 906 $aBOOK 912 $a9910691978403321 996 $aHydrologic conditions and assessment of water resources in the Turkey Creek watershed, Jefferson County, Colorado, 1998-2001$93429834 997 $aUNINA